000 01377cam a2200337 a 4500
001 11876837
003 mut
005 20240606081027.0
008 991227s2000 cau b 000 0 eng
010 _a 99050967
020 _a0787952818 (acidfree paper)
040 _aDLC
_cDLC
_dDLC
043 _an-us---
050 0 0 _aLB2806
_b.J597 2000
082 0 0 _a371.2/00973
_221
245 0 4 _aThe Jossey-Bass reader on educational leadership /
250 _a1st ed.
260 _aSan Francisco :
_bJossey-Bass,
_cc2000.
300 _axxi, 421 p. ;
_c23 cm.
440 4 _aThe Jossey-Bass education series
504 _aIncludes bibliographical references.
650 0 _aEducational leadership
_zUnited States.
650 0 _aSchool management and organization
_zUnited States.
710 2 _aJossey-Bass Inc.
856 4 2 _3Publisher description
_uhttp://www.loc.gov/catdir/description/wiley035/99050967.html
856 4 1 _3Table of contents
_uhttp://www.loc.gov/catdir/toc/wiley022/99050967.html
856 4 2 _3Contributor biographical information
_uhttp://www.loc.gov/catdir/enhancements/fy0701/99050967-b.html
906 _a7
_bcbc
_corignew
_d1
_eecip
_f19
942 _2lcc
_cBK
999 _c6996
_d6996